[Event "Gipuzkoa-ch B"]
[Site "Azpeitia"]
[Date "2019.10.19"]
[Round "1"]
[White "Aranzabal Aguirre, Xabier"]
[Black "Perez Cabezon, Jose Andres"]
[Result "1-0"]
[WhiteElo "1543"]
[BlackElo "1670"]
[PlyCount "165"]
[EventDate "2019.10.19"]
[EventType "swiss"]
[EventRounds "7"]
[EventCountry "ESP"]
[SourceTitle "EXT 2024"]
[Source "ChessBase"]
[SourceDate "2023.10.10"]
[SourceVersion "1"]
[SourceVersionDate "2023.10.10"]
[SourceQuality "1"]

1. d4 Nf6 2. c4 d6 3. Nc3 g6 4. g3 Bg7 5. Bg2 0-0 6. Nf3 Nbd7 7. 0-0 e5 8. e3 exd4 9. exd4 Rb8 10. Bf4 a6 11. a4 b6 12. Re1 Bb7 13. Qd2 Re8 14. Rxe8+ Qxe8 15. Re1 Qf8 16. d5 Re8 17. Bh3 Rxe1+ 18. Qxe1 Bc8 19. Qd2 Nc5 20. Bf1 Qe8 21. Qe2 Bd7 22. Qd2 Nxa4 23. Nd1 Nc5 24. b4 Nb7 25. c5 bxc5 26. Bxa6 Qa8 27. Bxb7 Qxb7 28. bxc5 dxc5 29. Ne3 Ng4 30. Nc4 Bb5 31. Na5 Qa7 32. Nc6 Qa1+ 33. Qe1 Qxe1+ 34. Nxe1 Bxc6 35. dxc6 Be5 36. Bd2 Bd4 37. Bf4 Be5 38. Bd2 Nf6 39. Nd3 Bd6 40. Nb2 Kf8 41. Nc4 Nd5 42. Kg2 Ke8 43. Kf3 h5 44. Bg5 Nb4 45. Na5 c4 46. Ke4 c3 47. Kd4 c2 48. Kc3 f6 49. Bd2 Ke7 50. Kb2 Nd3+ 51. Kxc2 Nxf2 52. Be1 Ng4 53. h3 Ne3+ 54. Kd3 Nd5 55. Kd4 Ke6 56. Nb7 Bb4 57. Bf2 Ne7 58. Nd8+ Kd6 59. Kc4 Ba5 60. Bc5+ Ke5 61. Bxe7 Be1 62. g4 hxg4 63. hxg4 f5 64. gxf5 gxf5 65. Bc5 f4 66. Bb6 Kd6 67. Bc5+ Ke5 68. Nf7+ Ke6 69. Ng5+ Kf5 70. Nf3 Ba5 71. Kb5 Bc3 72. Bb6 Ke4 73. Bxc7 Kxf3 74. Bxf4 Kxf4 75. c7 Kf3 76. c8Q Be1 77. Qc4 Kg2 78. Qd3 Bf2 79. Kc4 Kh1 80. Qf3+ Kg1 81. Kd3 Ba7 82. Ke2 Bb6 83. Qg4+ 1-0